000 00692nam a2200229Ia 4500
005 20260429112019.0
008 260429s9999||||xx |||||||||||||| ||und||
020 _a9781032345406
041 _aEnglish
082 _a371.33
_bALV
100 _aAlvestad, Karl C.
245 0 _aNew perspectives on educational resources :
_blearning materials beyond the traditional classroom /
_cKarl C. Alvestad
250 _a1st ed.
260 _aNew Delhi :
_bRoutledge,
_c2024.
300 _ax, 266 p.; pbk
650 _a Instructional design
650 _a Learning materials
650 _aEducational resources
700 _a Nordberg, Kari H.
700 _a Roll-Hansen, Hege
942 _cTB
999 _c51894
_d51894